000 00379nam a22001457a 4500
020 _qPB.
040 _cFIZZA ISHAQ
082 _a621.3192
_bROB
100 _aBOYLESTAD,L.ROBERT.
_9134093
245 _aINTRODUCTORY CIRCUIT ANALYSIS /
_cROBERT L.BOYLESTAD.
250 _a12th ED.
260 _aNEW YORK ;
_bPEARSON,
_c2010.
300 _a1188 P. ;
_c11.2X8.9IN
942 _2ddc
_cBK
999 _c617025
_d617025